Erfahrungen im Gebiete der Landwirthschaft Sechster Band

Podrobná bibliografia
Hlavný autor: Schmalz, Friedrich (Autor, Autor úvodu atď.)
Ďalší autori: Gleditsch, Johann Friedrich III., dedičia, 18.-19. storočie (Tlačiar)
Médium: Kniha
Jazyk:nemčina
Fyzický popis:XVI, 176 strán 8° 20 x 12 cm
Predmet:

MARC

LEADER 00000nam a2200000 4500
001 vtls012251534
003 SK-MaSNL
005 20260302025705.0
008 251112s1824 gw f 000 0 ger
015 |a SNBHFA 
040 |a SNKHF  |b slo  |c SNKHF  |e rda 
041 0 |a ger 
044 |a gw  |c DE 
072 7 |a 63  |x Poľnohospodárstvo a príbuzné oblasti vedy a techniky  |2 konspekt 
080 |a 631  |2 2011 
080 |a 633  |2 2011 
100 1 |a Schmalz, Friedrich  |4 aut  |4 aui  |9 371833 
245 1 0 |a Erfahrungen im Gebiete der Landwirthschaft  |n Sechster Band  |c gesammelt von Friedrich Schmalz 
246 1 5 |a Beiträge zur Beantwortng der Frage: Was hat der Landwirth Alles zu thun, um bei niedrigen Getreidepreisen bestehen zu kỏnnen? von Friedrich Schmalz 
264 3 |a Leipzig  |b bei Johann Friedrich Gleditsch  |c 1824 
300 |a XVI, 176 strán  |c 8°  |c 20 x 12 cm 
336 |a text  |b txt  |2 rdacontent 
337 |a bez média  |b n  |2 rdamedia 
338 |a zväzok  |b nc  |2 rdacarrier 
500 |a Vinety, signety, ozdobné iniciálky 
546 |a Nemčina  |b Fraktúra 
561 |a Proveniencia: pečiatka: Dr. E. Kadarász- ver. not. Poz. Margity Zayovej.  |5 SNK IC 146225/6 
563 |a Väzba: papierová.  |5 SNK IC 146225/6 
650 0 7 |a poľnohospodárstvo  |2 SNKPH  |9 679 
650 0 7 |a rastlinná výroba  |2 SNKPH  |9 2835 
700 1 |a Zaiová, Margita,  |d 1868-1937  |4 fmo  |9 186369 
700 1 |a Kadarász, Ernest  |4 oth  |9 302455 
700 1 |a Gleditsch, Johann Friedrich  |b III.,  |c dedičia,  |d 18.-19. storočie  |4 prt  |9 180652 
752 |a Nemecko  |d Lipsko 
852 |a snk  |b Zaiova knižnica  |p IC 146225/6 
958 |a DF 
958 |a ONDV 
999 |c 1045020  |d 1046950 
952 |t Zay 7325; Z 8653  |a SNK  |b SNK  |c SNK_HF  |y PREZ  |7 0  |p 17A1400547  |o snkIC 146225/6  |i snk2024/3404  |8 5  |0 0  |1 0  |4 0  |d 2024-02-28  |l 0  |r 2026-02-24 14:36:50  |w 2026-02-24